00388nam a2200157Ia 4500003000400000008004100004040001600045082001700061100002100078245004300099260002000142650001500162650001200177650001900189650002200208GCL140319s9999 xx 000 0 eng d aGCL / cGCL04aCHb843bB B1 aBUSQUETS, CARLOS10aBALADE A LA FERME / cBUSQUETS, CARLOS a[S.N] : bHEMMA04aLITERATURE04aFICTION04aFRENCH FICTION04aFRENCH LITERATURE